Manual kerja luar : sistem pengurusan memilih (selective management system)

Bibliographic Details
Corporate Author: MALAYSIA
Format: Book
Published: Kuala Lumpur : Jabatan Perhutanan Semenanjung Malaysia , 1997
Subjects:

MARC

LEADER 00000cam a2200000 7i4500
001 0000001078
005 20040225.0
090 0 0 |a JPSM634.9209595   |b MAL 1997 
110 1 0 |a MALAYSIA   |c Jabatan Perhutanan Semenanjung Malaysia 
245 1 0 |a Manual kerja luar :   |b sistem pengurusan memilih (selective management system) 
260 0 0 |a Kuala Lumpur :   |b Jabatan Perhutanan Semenanjung Malaysia ,   |c 1997 
300 |a iii, 323 p. :   |b ill. ;   |c 21 cm. 
650 0 0 |a Forest management   |z Malaysia   |x Handbooks, manuals, etc. 
650 0 0 |a Forests and forestry   |z Malaysia   |x Handbooks, manuals, etc. 
998 |a JPSM 
999 |a 0000002070   |b Monograph   |c Open Shelf   |e Default branch 
999 |a 0000002071   |b Monograph   |c Open Shelf   |e Default branch 
999 |a 0000002072   |b Monograph   |c Reference   |e Default branch 
999 |a 0000002073   |b Monograph   |c Reference   |e Default branch 
999 |a 0000002074   |b Monograph   |c Open Shelf   |e Default branch 
999 |a 0000002075   |b Monograph   |c Open Shelf   |e Default branch 
999 |a 0000002076   |b Monograph   |c Open Shelf   |e Default branch 
999 |a 0000002077   |b Monograph   |c Open Shelf   |e Default branch 
999 |a 0000002078   |b Monograph   |c Open Shelf   |e Default branch